[Event "Titled Tuesday intern op 27th Jun Early"]
[Site "Chess.com INT"]
[Date "2023.06.27"]
[Round "2"]
[White "Ng, Clive"]
[Black "Sisabayev, Kuanysh"]
[Result "0-1"]
[WhiteElo "2072"]
[BlackElo "2235"]
[PlyCount "82"]
[EventDate "2023.06.27"]
[EventType "swiss (blitz)"]
[EventRounds "11"]
[EventCountry "USA"]
[SourceTitle "EXT 2024"]
[Source "ChessBase"]
[SourceDate "2023.10.10"]
[SourceVersion "1"]
[SourceVersionDate "2023.10.10"]
[SourceQuality "1"]

1. e4 c5 2. Nf3 e6 3. d4 cxd4 4. Nxd4 a6 5. Bd3 Qc7 6. c4 Nf6 7. Nc3 Bc5 8. Nb3 Ba7 9. Qe2 Nc6 10. Be3 Bxe3 11. Qxe3 d6 12. 0-0 0-0 13. Rad1 Ne5 14. Qe2 Bd7 15. Nd4 Rac8 16. Nc2 Rfd8 17. Ne3 Qb8 18. f4 Ng6 19. Kh1 b5 20. cxb5 axb5 21. f5 Ne5 22. fxe6 fxe6 23. Nb1 Bc6 24. Nd2 Rf8 25. Nc2 b4 26. Nd4 Bd7 27. Nc4 d5 28. exd5 Nxc4 29. Bxc4 exd5 30. Bd3 Ng4 31. g3 Qe5 32. Qxe5 Nxe5 33. Rxf8+ Rxf8 34. Be2 Nc4 35. b3 Ne3 36. Rd2 Rf2 37. Kg1 Rg2+ 38. Kh1 Bh3 39. Nf3 Rf2 40. Kg1 Rg2+ 41. Kh1 Ng4 0-1

[Event "Oceania zt"]
[Site "Tumon"]
[Date "2019.02.20"]
[Round "4"]
[White "Ng, Clive"]
[Black "Camer, Angelito"]
[Result "1/2-1/2"]
[WhiteElo "2051"]
[BlackElo "2083"]
[PlyCount "71"]
[EventDate "2019.02.18"]
[EventType "swiss"]
[EventRounds "9"]
[EventCountry "GMA"]
[SourceTitle "CBM 189 Extra"]
[Source "ChessBase"]
[SourceDate "2019.06.03"]
[SourceVersion "1"]
[SourceVersionDate "2019.06.03"]
[SourceQuality "1"]

1. e4 c5 2. Nf3 g6 3. d4 Bg7 4. Nc3 cxd4 5. Nxd4 Nc6 6. Be3 Nf6 7. Bc4 0-0 8. Bb3 Qa5 9. 0-0 d6 10. h3 Bd7 11. Re1 Nxd4 12. Bxd4 Bc6 13. Qd3 Nd7 14. Bxg7 Kxg7 15. Qd4+ Qe5 16. Qxe5+ Nxe5 17. Rad1 g5 18. f3 h5 19. Ne2 Bb5 20. Nd4 Bd7 21. Kf2 h4 22. Ke3 Ng6 23. Ne2 Rae8 24. c3 f5 25. exf5 Rxf5 26. Nd4 Re5+ 27. Kf2 Kf6 28. Rxe5 Nxe5 29. Ke3 Ng6 30. Bc2 Nf4 31. Kf2 Be6 32. Be4 b6 33. Bb1 a5 34. Ne2 Nxe2 35. Kxe2 Ke5 36. Ke3 1/2-1/2

[Event "Oceania zt"]
[Site "Tumon"]
[Date "2019.02.18"]
[Round "1"]
[White "Gonzales, Dennis"]
[Black "Ng, Clive"]
[Result "0-1"]
[WhiteElo "1622"]
[BlackElo "2051"]
[PlyCount "88"]
[EventDate "2019.02.18"]
[EventType "swiss"]
[EventRounds "9"]
[EventCountry "GMA"]
[SourceTitle "CBM 189 Extra"]
[Source "ChessBase"]
[SourceDate "2019.06.03"]
[SourceVersion "1"]
[SourceVersionDate "2019.06.03"]
[SourceQuality "1"]

1. d4 Nf6 2. c4 g6 3. Nc3 Bg7 4. Nf3 0-0 5. e4 d6 6. Be2 e5 7. d5 a5 8. Bg5 h6 9. Bh4 Na6 10. 0-0 Nc5 11. Qc2 g5 12. Bg3 Nh5 13. Ne1 Nf4 14. h3 f5 15. f3 h5 16. Nd3 Nfxd3 17. Bxd3 f4 18. Bf2 g4 19. fxg4 hxg4 20. hxg4 Bxg4 21. Bxc5 dxc5 22. Be2 Bd7 23. Bf3 Ra6 24. Kf2 Qh4+ 25. Ke2 Rh6 26. Rh1 Qxh1 27. Rxh1 Rxh1 28. Kd3 Rf6 29. Qf2 b6 30. Ne2 Rg6 31. b3 Bf6 32. Nc3 Bh4 33. Qb2 Bh3 34. Ne2 Bxg2 35. Bxg2 Rxg2 36. Qxe5 Rh3+ 37. Kd2 Rhh2 38. Qe8+ Kg7 39. Qe5+ Kg6 40. Qf5+ Kh6 41. Qf8+ Kh5 42. Qh8+ Kg4 43. Qg7+ Bg5 44. Qd7+ Kf3 0-1

[Event "New South Wales op"]
[Site "Sydney"]
[Date "2018.06.11"]
[Round "7"]
[White "Mallari, Donato"]
[Black "Ng, Clive"]
[Result "0-1"]
[WhiteElo "1965"]
[BlackElo "1986"]
[PlyCount "98"]
[EventDate "2018.06.09"]
[EventType "swiss"]
[EventRounds "7"]
[EventCountry "AUS"]
[SourceTitle "EXT 2019"]
[Source "ChessBase"]
[SourceDate "2018.10.10"]
[SourceVersion "1"]
[SourceVersionDate "2018.10.10"]
[SourceQuality "1"]

1. e4 c5 2. Nf3 Nc6 3. b3 e5 4. Bb2 d6 5. g3 g6 6. Bg2 Bg7 7. 0-0 Nge7 8. d3 0-0 9. Nbd2 f5 10. a4 Nd4 11. Nxd4 cxd4 12. f4 Nc6 13. Nc4 Be6 14. Ba3 Bxc4 15. dxc4 exf4 16. gxf4 fxe4 17. Bxe4 Qd7 18. Kh1 Rae8 19. Qd3 Ne7 20. Rae1 Nf5 21. Bc1 Kh8 22. Bd5 Re7 23. Rxe7 Nxe7 24. Be4 d5 25. cxd5 Nxd5 26. Bd2 Ne7 27. a5 Nf5 28. c4 b6 29. b4 Nd6 30. Bd5 bxa5 31. bxa5 Rd8 32. Rb1 Qc7 33. Kg2 Qc8 34. h3 Qc7 35. Re1 Bf6 36. Re6 Bg7 37. h4 Qd7 38. h5 gxh5 39. Qe2 Nf5 40. Qxh5 Rf8 41. Kf3 d3 42. Rg6 Qe8 43. Kg4 Qxg6+ 44. Qxg6 hxg6 45. Kg5 Kh7 46. Be4 Bf6+ 47. Kg4 Rd8 48. c5 Rd4 49. Kf3 Rc4 0-1

[Event "Doeberl Cup 56th"]
[Site "Canberra"]
[Date "2018.04.01"]
[Round "8"]
[White "Goh, Sean Christian"]
[Black "Ng, Clive"]
[Result "1/2-1/2"]
[WhiteElo "1837"]
[BlackElo "2036"]
[PlyCount "69"]
[EventDate "2018.03.29"]
[EventType "swiss"]
[EventRounds "9"]
[EventCountry "AUS"]
[SourceTitle "EXT 2023"]
[Source "ChessBase"]
[SourceDate "2022.10.05"]
[SourceVersion "1"]
[SourceVersionDate "2022.10.05"]
[SourceQuality "1"]

1. d4 Nf6 2. c4 g6 3. Nf3 Bg7 4. e3 0-0 5. Be2 d6 6. Nc3 Nbd7 7. 0-0 e5 8. Qc2 Ne8 9. Rd1 c6 10. a3 f5 11. b4 e4 12. Nd2 Qh4 13. Bb2 Nef6 14. b5 Ng4 15. Bxg4 Qxg4 16. bxc6 bxc6 17. Nf1 Nf6 18. d5 cxd5 19. Nxd5 Ne8 20. Bxg7 Kxg7 21. Qc3+ Kh6 22. c5 Ba6 23. cxd6 Rd8 24. h3 Qg5 25. Nf4 Bxf1 26. Kxf1 Rxd6 27. Rxd6 Nxd6 28. Rd1 Qf6 29. Qxf6 Rxf6 30. g4 fxg4 31. hxg4 Kg5 32. Rd4 Kxg4 33. Nd5 Re6 34. Nf4 Rf6 35. Nd5 1/2-1/2

[Event "Doeberl Cup 56th"]
[Site "Canberra"]
[Date "2018.03.30"]
[Round "3"]
[White "Ng, Clive"]
[Black "Brown, Andrew"]
[Result "0-1"]
[WhiteElo "2036"]
[BlackElo "2278"]
[PlyCount "116"]
[EventDate "2018.03.29"]
[EventType "swiss"]
[EventRounds "9"]
[EventCountry "AUS"]
[SourceTitle "CBM 187 Extra"]
[Source "ChessBase"]
[SourceDate "2018.11.04"]
[SourceVersion "1"]
[SourceVersionDate "2018.11.04"]
[SourceQuality "1"]

1. e4 e5 2. Nf3 Nc6 3. d4 exd4 4. Nxd4 Bc5 5. Nb3 Bb6 6. Nc3 Nge7 7. Qe2 0-0 8. Be3 d6 9. 0-0-0 Be6 10. Kb1 Qd7 11. f3 f5 12. Nc5 Bxc5 13. Bxc5 Rae8 14. Ba3 fxe4 15. Nxe4 Nf5 16. Qd2 Ncd4 17. Ng5 Qa4 18. Nxe6 Rxe6 19. Bb4 Ne3 20. b3 Qc6 21. Bc4 Nxc4 22. Qxd4 Ne3 23. Bc3 Rf7 24. Rde1 Rfe7 25. Qd2 Qe8 26. Rc1 c5 27. Qf2 d5 28. Bd2 d4 29. Bxe3 Rxe3 30. Rhd1 h6 31. Rd2 a5 32. Qf1 b5 33. a4 bxa4 34. Qc4+ Kh7 35. Qxc5 axb3 36. Qxd4 Rb7 37. cxb3 Qg6+ 38. Ka1 Rbxb3 39. Ra2 Qe6 40. Rd1 a4 41. f4 Ra3 42. Qd5 Qf6+ 43. Qd4 Qf7 44. Qd2 Qxf4 45. Qc2+ Kg8 46. Rd8+ Kf7 47. Rd7+ Kf6 48. Qb2+ Qe5 49. Qxe5+ Kxe5 50. Re7+ Kf6 51. Rxe3 Rxe3 52. Rxa4 Re1+ 53. Kb2 Re2+ 54. Kc1 Rxg2 55. h4 Kg6 56. Kd1 Kh5 57. Ke1 Rg4 58. Ra7 Kxh4 0-1

[Event "AUS-ch Major"]
[Site "Cammeray"]
[Date "2018.01.09"]
[Round "8"]
[White "Zheng, Shucheng"]
[Black "Ng, Clive"]
[Result "0-1"]
[WhiteElo "1879"]
[BlackElo "2020"]
[PlyCount "86"]
[EventDate "2018.01.02"]
[EventType "swiss"]
[EventRounds "11"]
[EventCountry "AUS"]
[SourceTitle "CBM 182 Extra"]
[Source "ChessBase"]
[SourceDate "2018.02.23"]
[SourceVersion "1"]
[SourceVersionDate "2018.02.23"]
[SourceQuality "1"]

1. d4 Nf6 2. c4 g6 3. Nc3 Bg7 4. e4 d6 5. Nf3 0-0 6. Be2 e5 7. Be3 Ng4 8. Bg5 f6 9. Bh4 g5 10. Bg3 Nc6 11. d5 Ne7 12. b4 Ng6 13. Nd2 Nh6 14. c5 Nf4 15. Kf1 f5 16. f3 g4 17. Rc1 gxf3 18. Bxf3 Nd3 19. Rb1 Ng4 20. Nc4 Nf4 21. cxd6 cxd6 22. Kg1 Qc7 23. Qb3 Bd7 24. h3 Nh6 25. Ne3 Rac8 26. Ned1 fxe4 27. Bxe4 Nf5 28. Bxf5 Bxf5 29. Rb2 Nd3 30. Rb1 Bh6 31. Kh2 Kh8 32. Rf1 Nf4 33. Rb2 Bd3 34. Re1 Bc4 35. Qa4 Nd3 36. Rbe2 Nxe1 37. Rxe1 Qg7 38. Ne4 Bf4 39. Bxf4 exf4 40. Nxd6 Qg3+ 41. Kh1 Qxe1+ 42. Kh2 Qg3+ 43. Kh1 Bxd5 0-1

[Event "AUS-ch Major"]
[Site "Cammeray"]
[Date "2018.01.05"]
[Round "5"]
[White "Ng, Clive"]
[Black "Davis, Tony J"]
[Result "1-0"]
[WhiteElo "2020"]
[BlackElo "1902"]
[PlyCount "93"]
[EventDate "2018.01.02"]
[EventType "swiss"]
[EventRounds "11"]
[EventCountry "AUS"]
[SourceTitle "CBM 182 Extra"]
[Source "ChessBase"]
[SourceDate "2018.02.23"]
[SourceVersion "1"]
[SourceVersionDate "2018.02.23"]
[SourceQuality "1"]

1. e4 d6 2. d4 Nf6 3. Nc3 c6 4. f3 Qb6 5. Bc4 d5 6. Bb3 e6 7. Nge2 Be7 8. Be3 Qa5 9. 0-0 b5 10. Ng3 Na6 11. Nce2 h5 12. e5 Nd7 13. c3 h4 14. Nh1 Bb7 15. Nf2 0-0-0 16. a4 b4 17. Nd3 c5 18. dxc5 bxc3 19. c6 Bxc6 20. Nd4 Bb7 21. Rc1 Kb8 22. Rxc3 Nac5 23. Bxd5 Bxd5 24. b4 Qxa4 25. bxc5 Qxd1 26. Rxd1 Rc8 27. Nb5 Bc6 28. Nd6 Rc7 29. Nxf7 Rf8 30. Nd6 h3 31. Nf4 Nxe5 32. Nxh3 Ka8 33. Ng5 Bxg5 34. Bxg5 Bxf3 35. Re1 Bxg2 36. Kxg2 Nd7 37. c6 Nb6 38. Rxe6 Nd5 39. Rc5 Nb4 40. Be7 Rh8 41. Nb5 Rcc8 42. c7 Rh6 43. Rxh6 gxh6 44. Nd6 Na6 45. Nxc8 Nxc5 46. Bxc5 Kb7 47. Nxa7 1-0

[Event "AUS-ch Major"]
[Site "Cammeray"]
[Date "2018.01.03"]
[Round "2"]
[White "McGowan, Cameron"]
[Black "Ng, Clive"]
[Result "1-0"]
[WhiteElo "1951"]
[BlackElo "2020"]
[PlyCount "177"]
[EventDate "2018.01.02"]
[EventType "swiss"]
[EventRounds "11"]
[EventCountry "AUS"]
[SourceTitle "CBM 182 Extra"]
[Source "ChessBase"]
[SourceDate "2018.02.23"]
[SourceVersion "1"]
[SourceVersionDate "2018.02.23"]
[SourceQuality "1"]

1. e4 c5 2. c3 d5 3. exd5 Qxd5 4. d4 Nc6 5. Nf3 Bg4 6. Be2 cxd4 7. cxd4 e6 8. Nc3 Bb4 9. 0-0 Bxc3 10. bxc3 Nge7 11. h3 Bh5 12. Ba3 0-0 13. Ne5 Bxe2 14. Nxc6 Nxc6 15. Qxe2 Rfd8 16. Rfd1 Na5 17. Rab1 Nc4 18. Be7 Rd7 19. Bh4 Rc8 20. Rbc1 h6 21. Bg3 Nb6 22. Be5 Nc4 23. Bg3 Qf5 24. Qc2 Qxc2 25. Rxc2 Nb6 26. Kf1 Nd5 27. Rdc1 Rc4 28. Ke2 b5 29. a3 Kf8 30. h4 h5 31. Kd2 Ke7 32. f3 Ra4 33. Ra2 Rd8 34. Rb1 a6 35. Rb3 Rc8 36. Rc2 Kd7 37. Be1 Nb6 38. Kd3 Rac4 39. g3 Nd5 40. Bd2 Rh8 41. Rc1 Nb6 42. Re1 f6 43. Re2 Nd5 44. Re1 Ne7 45. Rb4 Rhc8 46. Rb3 Nf5 47. Rg1 Ra4 48. Rg2 Rg8 49. f4 Nh6 50. Rh2 Ng4 51. Re2 Rc8 52. Bc1 Rac4 53. Bd2 f5 54. Be1 Rh8 55. Ra2 Rhc8 56. Re2 Nf6 57. Ra2 Ra4 58. Rb4 Rc4 59. Rb3 Kd6 60. Bd2 Ne4 61. Be1 Kd5 62. Ra1 Rc6 63. Ra2 Rac4 64. Rc2 Kd6 65. Rb4 Ke7 66. Rb1 Kf7 67. Rb4 Nd6 68. Rb3 Rc8 69. Rb4 a5 70. Rbb2 Ra4 71. Rb3 Rh8 72. Re2 Rh6 73. Rc2 Rg6 74. Re2 Rc4 75. Rxb5 Rxd4+ 76. Kxd4 Nxb5+ 77. Kc5 Nxa3 78. Ra2 Nb1 79. c4 e5 80. fxe5 Re6 81. Kd5 Rb6 82. Rxa5 Rb3 83. Ra7+ Kg6 84. Ra6+ Kh7 85. c5 Re3 86. c6 Rxe1 87. c7 Rd1+ 88. Ke6 Rc1 89. Kd7 1-0

[Event "Begonia op 51st"]
[Site "Ballarat"]
[Date "2017.03.11"]
[Round "3"]
[White "Ng, Clive"]
[Black "Morris, James"]
[Result "0-1"]
[WhiteElo "1994"]
[BlackElo "2328"]
[PlyCount "64"]
[EventDate "2017.03.11"]
[EventType "swiss"]
[EventRounds "7"]
[EventCountry "AUS"]
[SourceTitle "CBM 177 Extra"]
[Source "ChessBase"]
[SourceDate "2017.04.27"]
[SourceVersion "1"]
[SourceVersionDate "2017.04.27"]
[SourceQuality "1"]

1. e4 d6 2. d4 Nf6 3. Nc3 e5 4. Nge2 Nbd7 5. Bg5 Be7 6. Qd2 h6 7. Bxf6 Bxf6 8. f4 c6 9. 0-0-0 b5 10. Kb1 0-0 11. dxe5 dxe5 12. g3 b4 13. Na4 Qa5 14. b3 Nb6 15. Nb2 Bg4 16. Bg2 exf4 17. gxf4 Bc3 18. Qe3 Bxb2 19. Kxb2 Qa3+ 20. Ka1 Na4 21. Qc1 Bxe2 22. Qxa3 bxa3 23. bxa4 Bxd1 24. Rxd1 Rfd8 25. Rd3 Rxd3 26. cxd3 Rb8 27. e5 Rb2 28. Be4 c5 29. h3 Kf8 30. a5 Ke7 31. f5 Re2 32. Kb1 c4 0-1

[Event "Oceania zt 3.6"]
[Site "Auckland"]
[Date "2017.01.18"]
[Round "7"]
[White "Ng, Clive"]
[Black "Narenthran, Tharmaratnam"]
[Result "1-0"]
[WhiteElo "1997"]
[BlackElo "1909"]
[PlyCount "113"]
[EventDate "2017.01.14"]
[EventType "swiss"]
[EventRounds "9"]
[EventCountry "NZL"]
[SourceTitle "EXT 2018"]
[Source "ChessBase"]
[SourceDate "2017.10.13"]
[SourceVersion "1"]
[SourceVersionDate "2017.10.13"]
[SourceQuality "1"]

1. e4 d5 2. exd5 Qxd5 3. Nc3 Qd6 4. Bc4 c6 5. d4 Nf6 6. Nge2 Bg4 7. a3 e6 8. f3 Bh5 9. Bf4 Qd8 10. Ng3 Bg6 11. Nge4 Nd5 12. Bd2 Nd7 13. Qe2 N7b6 14. Bb3 Be7 15. Nd1 Qc7 16. c4 Nf4 17. Qf1 0-0-0 18. g3 Nh5 19. Qf2 Qd7 20. Be3 Nf6 21. Ndc3 Nxe4 22. fxe4 f5 23. e5 Bh5 24. 0-0 g5 25. d5 f4 26. Bxb6 axb6 27. d6 Bxd6 28. exd6 Qxd6 29. Ne4 Qd3 30. Nc3 e5 31. Bc2 Qxc4 32. Qxb6 Rd2 33. Bf5+ Kb8 34. g4 Bf7 35. Ne4 Qd4+ 36. Qxd4 Rxd4 37. Nxg5 Bb3 38. Nf3 Rd5 39. Be6 e4 40. Bxd5 Bxd5 41. Nh4 f3 42. Kf2 Kc7 43. Ke3 Kd6 44. Rac1 Ke5 45. Rf2 Rf8 46. Nf5 h5 47. Nh4 Rg8 48. gxh5 Rg5 49. Ng6+ Kf5 50. Ne7+ Ke5 51. Nxd5 cxd5 52. Rc5 Rxh5 53. Rd2 Ke6 54. b4 Rf5 55. Rc8 Ke5 56. Rg8 d4+ 57. Rxd4 1-0

[Event "Oceania zt"]
[Site "Cammeray"]
[Date "2015.07.06"]
[Round "4"]
[White "Ng, Clive"]
[Black "Wan, Dennis"]
[Result "1-0"]
[WhiteElo "1980"]
[BlackElo "1799"]
[PlyCount "79"]
[EventDate "2015.07.04"]
[EventType "swiss"]
[EventRounds "9"]
[EventCountry "AUS"]
[SourceTitle "CBM 167 Extra"]
[Source "ChessBase"]
[SourceDate "2015.09.14"]
[SourceVersion "1"]
[SourceVersionDate "2015.09.14"]
[SourceQuality "1"]

1. c4 Nf6 2. g3 e5 3. Bg2 d5 4. cxd5 Nxd5 5. Nc3 Be6 6. Nf3 Nxc3 7. bxc3 Nd7 8. 0-0 Be7 9. d4 e4 10. Nd2 f5 11. f3 exf3 12. exf3 0-0 13. Re1 Bf7 14. Qc2 f4 15. Ne4 fxg3 16. hxg3 c5 17. Be3 Rc8 18. Qf2 Qa5 19. Bh3 Bd5 20. Bxd7 Bxe4 21. Bf4 Rcd8 22. Be6+ Kh8 23. Rxe4 Qxc3 24. Rc1 Qa3 25. Qe3 Qb2 26. Qc3 Qxc3 27. Rxc3 cxd4 28. Rd3 Bf6 29. Be5 Bxe5 30. Rxe5 Rd6 31. Bb3 a6 32. Kg2 h6 33. Rd5 Re6 34. R5xd4 Re2+ 35. Kf1 Ree8 36. Kf2 b6 37. Rd7 h5 38. Rb7 Rf6 39. Rdd7 Rg6 40. Bf7 1-0

[Event "Oceania zt"]
[Site "Cammeray"]
[Date "2015.07.05"]
[Round "2"]
[White "Ng, Clive"]
[Black "Wallis, Christopher"]
[Result "1/2-1/2"]
[WhiteElo "1980"]
[BlackElo "2357"]
[PlyCount "75"]
[EventDate "2015.07.04"]
[EventType "swiss"]
[EventRounds "9"]
[EventCountry "AUS"]
[SourceTitle "CBM 167 Extra"]
[Source "ChessBase"]
[SourceDate "2015.09.14"]
[SourceVersion "1"]
[SourceVersionDate "2015.09.14"]
[SourceQuality "1"]

1. e4 e5 2. Nf3 Nc6 3. Nc3 Nf6 4. Bb5 Bb4 5. 0-0 0-0 6. d3 d6 7. Bg5 Ne7 8. Nh4 c6 9. Bc4 d5 10. Bb3 Qd6 11. Kh1 Bxc3 12. bxc3 h6 13. Bxf6 Qxf6 14. Qh5 a5 15. a4 Kh7 16. Nf3 dxe4 17. dxe4 Ng6 18. Nd2 Nf4 19. Qf3 Qg5 20. Qg3 Qh5 21. Nc4 Be6 22. Nd6 Bxb3 23. cxb3 Rfd8 24. Rad1 g6 25. Qe3 Rd7 26. g3 Ne6 27. Rd3 Rad8 28. Rfd1 Qh3 29. Kg1 Ng5 30. Nc4 Rxd3 31. Rxd3 Rxd3 32. Qxd3 Qg4 33. Nxe5 Qxe4 34. Qxe4 Nxe4 35. Nc4 b5 36. Nxa5 bxa4 37. bxa4 Nxc3 38. Nxc6 1/2-1/2

[Event "Adelaide Lidums YM-B"]
[Site "Adelaide"]
[Date "2013.12.12"]
[Round "9"]
[White "Simmonds, Leteisha Simone"]
[Black "Ng, Clive"]
[Result "1/2-1/2"]
[WhiteElo "1746"]
[BlackElo "1972"]
[PlyCount "74"]
[EventDate "2013.12.08"]
[EventType "tourn"]
[EventRounds "9"]
[EventCountry "AUS"]
[SourceTitle "CBM 157 Extra"]
[Source "ChessBase"]
[SourceDate "2013.12.19"]
[SourceVersion "1"]
[SourceVersionDate "2013.12.19"]
[SourceQuality "1"]

1. e4 c5 2. d4 cxd4 3. Qxd4 Nc6 4. Qd1 Nf6 5. Nc3 e5 6. Nf3 Bb4 7. Bd3 d5 8. exd5 Nxd5 9. Bd2 Nxc3 10. Bxc3 Bxc3+ 11. bxc3 0-0 12. Bc4 Qa5 13. Qd2 Bg4 14. Rb1 Rad8 15. Qe3 Nd4 16. 0-0 Nxc2 17. Qxe5 Qxe5 18. Nxe5 Na3 19. Rxb7 Nxc4 20. Nxg4 Nd2 21. Rc1 f5 22. Ne5 Rfe8 23. f4 Rb8 24. Rxb8 Rxb8 25. Nc6 Rb7 26. Rd1 Rd7 27. Re1 Ne4 28. Rb1 g6 29. Ne5 Rd2 30. Rb8+ Kg7 31. Rb7+ Kh6 32. g3 Rxa2 33. c4 a5 34. Nf7+ Kh5 35. Ne5 Kh6 36. Nf7+ Kh5 37. Ne5 Kh6 1/2-1/2

[Event "Adelaide Lidums YM-B"]
[Site "Adelaide"]
[Date "2013.12.11"]
[Round "8"]
[White "Ng, Clive"]
[Black "Kong Lim, Qi Le"]
[Result "1/2-1/2"]
[WhiteElo "1972"]
[BlackElo "1848"]
[PlyCount "99"]
[EventDate "2013.12.08"]
[EventType "tourn"]
[EventRounds "9"]
[EventCountry "AUS"]
[SourceTitle "CBM 157 Extra"]
[Source "ChessBase"]
[SourceDate "2013.12.19"]
[SourceVersion "1"]
[SourceVersionDate "2013.12.19"]
[SourceQuality "1"]

1. e4 e6 2. d4 d5 3. Nc3 Bb4 4. exd5 exd5 5. Bd3 Ne7 6. Nge2 c6 7. 0-0 Bf5 8. Ng3 Bxd3 9. Qxd3 Nd7 10. f4 Qc7 11. f5 Bd6 12. Nce2 0-0-0 13. Bf4 Nf6 14. b4 h5 15. h4 Rde8 16. c4 dxc4 17. Qxc4 Ned5 18. Bxd6 Qxd6 19. Rf3 Ne4 20. Rd1 Nxg3 21. Nxg3 Ne3 22. Rxe3 Rxe3 23. Nf1 Re4 24. Qxf7 Rxd4 25. Re1 Qf6 26. Qb3 Rxh4 27. Ne3 Re8 28. b5 Rhe4 29. bxc6 bxc6 30. Rb1 Qe5 31. Qb7+ Kd8 32. Qxa7 Kc8 33. Qa8+ Kd7 34. Rb7+ Kd6 35. Qa3+ Qc5 36. Rd7+ Kxd7 37. Qxc5 Rxe3 38. Qa7+ Kd6 39. Qd4+ Kc7 40. Qxg7+ R8e7 41. Qg5 Re1+ 42. Kh2 R1e5 43. Qxh5 Rd7 44. Qg6 Ree7 45. g4 Re3 46. Kg2 Rd2+ 47. Kf1 Rh3 48. Qg7+ Kb6 49. Ke1 Rhh2 50. Qc3 1/2-1/2

[Event "Adelaide Lidums YM-B"]
[Site "Adelaide"]
[Date "2013.12.10"]
[Round "5"]
[White "Han, Eddie"]
[Black "Ng, Clive"]
[Result "1-0"]
[WhiteElo "1694"]
[BlackElo "1972"]
[PlyCount "113"]
[EventDate "2013.12.08"]
[EventType "tourn"]
[EventRounds "9"]
[EventCountry "AUS"]
[SourceTitle "CBM 157 Extra"]
[Source "ChessBase"]
[SourceDate "2013.12.19"]
[SourceVersion "1"]
[SourceVersionDate "2013.12.19"]
[SourceQuality "1"]

1. e4 c5 2. c3 d5 3. exd5 Qxd5 4. d4 Nc6 5. Nf3 Bg4 6. Be2 cxd4 7. cxd4 e6 8. Nc3 Bb4 9. 0-0 Bxc3 10. bxc3 Nf6 11. Ba3 Qa5 12. Qb3 Qb6 13. Qc2 Bf5 14. Bd3 Bxd3 15. Qxd3 Qa5 16. c4 0-0-0 17. Rab1 Qa6 18. Rb3 g5 19. Nxg5 Rd7 20. Nf3 Rg8 21. Rd1 Qa5 22. Rdb1 Qh5 23. d5 exd5 24. cxd5 Nxd5 25. Qc4 Nb6 26. Qh4 Qf5 27. Rc1 Qc2 28. h3 Qxa2 29. Qxh7 Rxg2+ 30. Kxg2 Qxb3 31. Qg8+ Rd8 32. Qg4+ Kb8 33. Qg3+ Ka8 34. Ne1 Qd5+ 35. Qf3 Rg8+ 36. Kh1 Qg5 37. Ng2 Ne5 38. Qg3 Qxg3 39. fxg3 Rxg3 40. Bd6 Rxh3+ 41. Kg1 Nec4 42. Bf4 a5 43. Kf2 a4 44. Ra1 Ra3 45. Rh1 Ra2+ 46. Kf3 a3 47. Ne3 Nd2+ 48. Kg3 Ne4+ 49. Kf3 f5 50. Nxf5 Nc3 51. Be3 Ncd5 52. Bd4 Ka7 53. Rb1 Ka6 54. Nd6 Rc2 55. Rb3 Ra2 56. Ke4 Rd2 57. Rxa3+ 1-0

[Event "Adelaide Lidums YM-B"]
[Site "Adelaide"]
[Date "2013.12.08"]
[Round "2"]
[White "Bennett, Matthew"]
[Black "Ng, Clive"]
[Result "0-1"]
[WhiteElo "1852"]
[BlackElo "1972"]
[PlyCount "102"]
[EventDate "2013.12.08"]
[EventType "tourn"]
[EventRounds "9"]
[EventCountry "AUS"]
[SourceTitle "CBM 157 Extra"]
[Source "ChessBase"]
[SourceDate "2013.12.19"]
[SourceVersion "1"]
[SourceVersionDate "2013.12.19"]
[SourceQuality "1"]

1. d4 Nf6 2. c4 g6 3. f3 Bg7 4. e4 d6 5. Be3 0-0 6. Ne2 Na6 7. Nec3 c5 8. d5 e6 9. Nd2 exd5 10. cxd5 Nc7 11. Be2 Re8 12. Bf2 Rb8 13. a4 b6 14. 0-0 a6 15. Nc4 Nh5 16. Qd2 Qf6 17. e5 Rxe5 18. Nxe5 Qxe5 19. Rfe1 Nf4 20. Bf1 Qf5 21. Rad1 h5 22. Be3 Be5 23. Bd3 Nxd3 24. Qxd3 Qxd3 25. Rxd3 Bf5 26. Rd2 b5 27. axb5 axb5 28. Ra1 b4 29. Ne4 Nb5 30. Ra6 c4 31. Rb6 Rxb6 32. Bxb6 c3 33. bxc3 Nxc3 34. Ba5 Bxe4 35. fxe4 Nxe4 36. Rd3 Nc5 37. Rd1 b3 38. Rb1 f5 39. h3 Kf7 40. Kf1 f4 41. Ke2 Kf6 42. Bb4 b2 43. Bxc5 dxc5 44. Kd3 Ke7 45. Kc4 Kd6 46. Rd1 g5 47. Kb3 Bd4 48. Kc4 g4 49. hxg4 hxg4 50. Rh1 f3 51. gxf3 g3 0-1

[Event "Sydney op-B"]
[Site "Parramatta"]
[Date "2013.04.06"]
[Round "8"]
[White "Dickson, Ian C"]
[Black "Ng, Clive"]
[Result "1/2-1/2"]
[WhiteElo "1569"]
[BlackElo "1895"]
[PlyCount "156"]
[EventDate "2013.04.03"]
[EventType "swiss"]
[EventRounds "9"]
[EventCountry "AUS"]
[SourceTitle "EXT 2023"]
[Source "ChessBase"]
[SourceDate "2022.10.05"]
[SourceVersion "1"]
[SourceVersionDate "2022.10.05"]
[SourceQuality "1"]

1. e4 c5 2. Nf3 Nc6 3. Bb5 Nd4 4. Nxd4 cxd4 5. c3 a6 6. Be2 dxc3 7. Nxc3 g6 8. d4 Bg7 9. Rb1 d6 10. Be3 Nf6 11. 0-0 0-0 12. f3 b5 13. a3 Bb7 14. Qd2 e5 15. b4 Nh5 16. Rbc1 Rc8 17. d5 Nf4 18. Bd3 Qe7 19. Ne2 Nxd3 20. Qxd3 f5 21. Qd2 Qd7 22. Rxc8 Bxc8 23. Qc2 f4 24. Bb6 Qe7 25. Rc1 g5 26. Bc7 Bd7 27. Bb6 g4 28. Kh1 Qh4 29. Ng1 Rf7 30. Qc7 Bf8 31. Qd8 Qh6 32. Rc7 Qg7 33. Ra7 h5 34. Bc7 gxf3 35. Nxf3 Bg4 36. Qg5 Qxg5 37. Nxg5 f3 38. gxf3 Bxf3+ 39. Kg1 Rg7 40. Kf2 Rxg5 41. Kxf3 Rg7 42. Bb6 Rg4 43. Be3 Rh4 44. Ra8 Kf7 45. Ra7+ Kg6 46. Ra8 Rh3+ 47. Kf2 Rxh2+ 48. Kg3 Ra2 49. Rxf8 Rxa3 50. Kf2 Ra2+ 51. Ke1 a5 52. bxa5 Rxa5 53. Rd8 Ra4 54. Rxd6+ Kf7 55. Rd7+ Ke8 56. Rb7 Rxe4 57. Kf2 Rb4 58. d6 Rb2+ 59. Kf3 Rb3 60. Ke4 Kd8 61. Bg5+ Kc8 62. Rc7+ Kb8 63. Rc2 Rb1 64. Kxe5 Re1+ 65. Kd5 Rg1 66. Be3 Rg7 67. Kc6 Kc8 68. Kxb5+ Kd8 69. Kc6 Kc8 70. Rf2 Rg8 71. Rf7 h4 72. Rh7 h3 73. Rxh3 Rd8 74. Rh7 Kb8 75. Ba7+ Ka8 76. Kc7 Rc8+ 77. Kd7 Rd8+ 78. Ke6 Rxd6+ 1/2-1/2

[Event "Australian op"]
[Site "Cammeray"]
[Date "2013.01.10"]
[Round "8"]
[White "Ng, Clive"]
[Black "Shaw, Robin A"]
[Result "1/2-1/2"]
[WhiteElo "1936"]
[BlackElo "1829"]
[PlyCount "56"]
[EventDate "2013.01.02"]
[EventType "swiss"]
[EventRounds "11"]
[EventCountry "AUS"]
[SourceTitle "CBM 152 Extra"]
[Source "ChessBase"]
[SourceDate "2013.02.25"]
[SourceVersion "1"]
[SourceVersionDate "2013.02.25"]
[SourceQuality "1"]

1. Nf3 Nf6 2. g3 c5 3. c4 e6 4. Bg2 d5 5. b3 Nc6 6. 0-0 Be7 7. Bb2 d4 8. d3 0-0 9. e4 dxe3 10. fxe3 Ng4 11. Re1 Bf6 12. Nc3 Qa5 13. Rc1 Rd8 14. h3 Nge5 15. Nxe5 Nxe5 16. d4 cxd4 17. exd4 Rxd4 18. Qh5 g6 19. Qh6 Bg5 20. b4 Bxh6 21. bxa5 Bxc1 22. Bxc1 Rxc4 23. Rxe5 Rxc3 24. Bb2 Rc2 25. Rb5 Rxb2 26. Rxb2 Rb8 27. Rc2 Bd7 28. Rc7 Bc6 1/2-1/2